Представление документа в формате RUSMARC

ПолеНазваниеЗначение
  Тип записи a
  Библиографический уровень a
001 Контрольный номер RU/УОНБ/EK_Kray/569412043
005 Дата корректировки 20240131005130.7
100 Данные общей обработки __
a Данные общей обработки 20180116d2018 ||| 0rusy0189 ca
101 Язык документа 0_
a Язык текста rus
102 Страна публикации __
a Страна публикации RU
105 Кодированные данные (монография) __
a Кодированные данные (монография) y###||||000|y
200 Заглавие и сведения об ответственности 1_
a Заглавие "Казанские узоры"
f Первые сведения об ответственности А. Исаева
330 Аннотация __
a Аннотация Учащиеся и преподаватели Детской школы искусств им. Б.С. Неклюдова приняли участие в Международном фестивале детских и юношеских достижений в г. Казани в рамках проекта "Я МОГУ"
461 Уровень набора _0
1 2000
a Волжские зори
1 011
463 Уровень физической единицы _0
1 001RU/УОНБ/EK_Kray/569411474
1 2000
a 5 янв
v С. 4
1 210
d 2018
607 Географические рубрики __
a Географическое наименование Сенгилей, город
610 Ключевые слова 0_
a Ключевые слова детская школа искусств
610 Ключевые слова 0_
a Ключевые слова фестивали
610 Ключевые слова 0_
a Ключевые слова одаренные дети
686 Индексы других классификаций __
a Классификационный индекс 85
2 Код системы rubbk
700 Автор _1
a Фамилия Исаева
b Имя (инициалы) А.
4 Код отношения 070
801 Источник записи _0
a Страна RU
b Организация Ульяновская ОНБ
c Дата составления 20180116
g Правила каталогизации RCR
801 Источник записи _1
a Страна RU
b Организация Ульяновская ОНБ
c Дата составления 20180116
g Правила каталогизации RCR
901 Тип документа __
t Тип документа b
w Контрольный № источника RU/УОНБ/EK_Kray/569411474
909 Создатель записи __
a Создатель записи Ждыханова
938 Служебная информация __
a Имя БД kraeved_work
b Имя библиотеки УОНБ
c Имя АИБС МАРК-SQL
d Номер DOC_ID в БД 130790